<?xml version="1.0" encoding="UTF-8"?>
<collection xmlns="http://www.loc.gov/MARC21/slim">
 <record>
  <leader>02499naa a2200409   4500</leader>
  <controlfield tag="001">1785372289</controlfield>
  <controlfield tag="003">DE-627</controlfield>
  <controlfield tag="005">20220110160531.0</controlfield>
  <controlfield tag="007">cr cn 008aaaaa</controlfield>
  <controlfield tag="008">220110s2002    xx |||||oo    00| ||ger c</controlfield>
  <datafield tag="024" ind1="7" ind2=" ">
   <subfield code="a">10.11588/kc.2002.9/10.85230</subfield>
   <subfield code="2">doi</subfield>
  </datafield>
  <datafield tag="035" ind1=" " ind2=" ">
   <subfield code="a">(DE-627)1785372289</subfield>
  </datafield>
  <datafield tag="035" ind1=" " ind2=" ">
   <subfield code="a">(DE-599)KXP1785372289</subfield>
  </datafield>
  <datafield tag="040" ind1=" " ind2=" ">
   <subfield code="a">DE-627</subfield>
   <subfield code="b">ger</subfield>
   <subfield code="c">DE-627</subfield>
   <subfield code="e">rda</subfield>
  </datafield>
  <datafield tag="041" ind1=" " ind2=" ">
   <subfield code="a">ger</subfield>
  </datafield>
  <datafield tag="084" ind1=" " ind2=" ">
   <subfield code="a">KUNST</subfield>
   <subfield code="q">DE-16</subfield>
   <subfield code="2">fid</subfield>
  </datafield>
  <datafield tag="100" ind1="1" ind2=" ">
   <subfield code="a">Büttner, Nils</subfield>
   <subfield code="d">1967-</subfield>
   <subfield code="e">VerfasserIn</subfield>
   <subfield code="0">(DE-588)122160746</subfield>
   <subfield code="0">(DE-627)081772963</subfield>
   <subfield code="0">(DE-576)171381475</subfield>
   <subfield code="4">aut</subfield>
  </datafield>
  <datafield tag="245" ind1="1" ind2="0">
   <subfield code="a">[Rezension von: De firma Brueghel - L’entreprise Brueghel]</subfield>
   <subfield code="c">Nils Büttner</subfield>
  </datafield>
  <datafield tag="264" ind1=" " ind2="1">
   <subfield code="c">2002</subfield>
  </datafield>
  <datafield tag="336" ind1=" " ind2=" ">
   <subfield code="a">Text</subfield>
   <subfield code="b">txt</subfield>
   <subfield code="2">rdacontent</subfield>
  </datafield>
  <datafield tag="337" ind1=" " ind2=" ">
   <subfield code="a">Computermedien</subfield>
   <subfield code="b">c</subfield>
   <subfield code="2">rdamedia</subfield>
  </datafield>
  <datafield tag="338" ind1=" " ind2=" ">
   <subfield code="a">Online-Ressource</subfield>
   <subfield code="b">cr</subfield>
   <subfield code="2">rdacarrier</subfield>
  </datafield>
  <datafield tag="500" ind1=" " ind2=" ">
   <subfield code="a">Elektronische Reproduktion der Druckausgabe</subfield>
  </datafield>
  <datafield tag="520" ind1=" " ind2=" ">
   <subfield code="a">Rezension zu: De firma Brueghel — L’entreprise Brueghel, Maastricht, Bonnefantenmuseum, 13. Oktober 2001-17. Februar 2002; Brüssel, Musées royaux des Beaux-Arts de Belgique / Koninklijke Musea voor Schone Künsten van België [Musée d’Art ancien / Museum voor Oude Kunst], 22. März-23. Juni 2002. Begleitband zur Ausstellung: Gent, Amsterdam: Ludion; Paris: Flammarion 2001. 191 S. ISBN 90-5544-365-4 [niederl.]; ISBN 90- 5544-389-1 [engl.]; ISBN 90-5544-366-2 [franz.]</subfield>
  </datafield>
  <datafield tag="533" ind1=" " ind2=" ">
   <subfield code="a">Online-Ausgabe</subfield>
   <subfield code="b">Heidelberg</subfield>
   <subfield code="c">arthistoricum.net</subfield>
   <subfield code="d">2021</subfield>
   <subfield code="7">|2021||||||||||</subfield>
  </datafield>
  <datafield tag="655" ind1=" " ind2="7">
   <subfield code="a">Rezension</subfield>
   <subfield code="0">(DE-588)4049712-4</subfield>
   <subfield code="0">(DE-627)106186019</subfield>
   <subfield code="0">(DE-576)209083166</subfield>
   <subfield code="2">gnd-content</subfield>
  </datafield>
  <datafield tag="773" ind1="0" ind2="8">
   <subfield code="i">Enthalten in</subfield>
   <subfield code="t">Kunstchronik</subfield>
   <subfield code="d">Heidelberg : Universitätsbibliothek Heidelberg, 2019</subfield>
   <subfield code="g">55(2002), 9/10, Seite 462-465</subfield>
   <subfield code="h">Online-Ressource</subfield>
   <subfield code="w">(DE-627)1670038009</subfield>
   <subfield code="w">(DE-600)2979370-1</subfield>
   <subfield code="x">2510-7534</subfield>
   <subfield code="7">|||s</subfield>
  </datafield>
  <datafield tag="773" ind1="1" ind2="8">
   <subfield code="g">volume:55</subfield>
   <subfield code="g">year:2002</subfield>
   <subfield code="g">number:9/10</subfield>
   <subfield code="g">pages:462-465</subfield>
  </datafield>
  <datafield tag="787" ind1="0" ind2="8">
   <subfield code="i">Rezension von</subfield>
   <subfield code="t">L' entreprise Brueghel</subfield>
   <subfield code="d">Gand : Ludion [u.a.], 2001</subfield>
   <subfield code="h">191 S.</subfield>
   <subfield code="w">(DE-627)1621601064</subfield>
   <subfield code="w">(DE-576)096256664</subfield>
   <subfield code="z">9055443662</subfield>
  </datafield>
  <datafield tag="856" ind1="4" ind2="0">
   <subfield code="u">https://doi.org/10.11588/kc.2002.9/10.85230</subfield>
   <subfield code="x">Verlag</subfield>
   <subfield code="x">Resolving-System</subfield>
   <subfield code="z">kostenfrei</subfield>
   <subfield code="3">Volltext</subfield>
  </datafield>
  <datafield tag="856" ind1="4" ind2="0">
   <subfield code="u">https://journals.ub.uni-heidelberg.de/index.php/kchronik/article/view/85230</subfield>
   <subfield code="x">Verlag</subfield>
   <subfield code="z">kostenfrei</subfield>
   <subfield code="3">Volltext</subfield>
  </datafield>
  <datafield tag="936" ind1="u" ind2="w">
   <subfield code="d">55</subfield>
   <subfield code="j">2002</subfield>
   <subfield code="e">9/10</subfield>
   <subfield code="h">462-465</subfield>
  </datafield>
  <datafield tag="951" ind1=" " ind2=" ">
   <subfield code="a">AR</subfield>
  </datafield>
  <datafield tag="994" ind1=" " ind2=" ">
   <subfield code="u">https://journals.ub.uni-heidelberg.de/index.php/kchronik/article/view/85230/79487</subfield>
  </datafield>
  <datafield tag="994" ind1=" " ind2=" ">
   <subfield code="u">https://journals.ub.uni-heidelberg.de/index.php/kchronik/article/view/85230/79487</subfield>
  </datafield>
  <datafield tag="991" ind1=" " ind2=" ">
   <subfield code="a">Rezension (Monographie, Zeitschrift, Aufsatz)</subfield>
  </datafield>
  <datafield tag="999" ind1=" " ind2=" ">
   <subfield code="a">KXP-PPN1785372289</subfield>
   <subfield code="e">404234013X</subfield>
  </datafield>
 </record>
</collection>
